| Tag |
First Indicator |
Second Indicator |
Subfields |
| LEADER |
00000cam a2200000 a 4500 |
| 001 |
in00001076607 |
| 005 |
20150929163956.0 |
| 008 |
920618s1992 dcua f000 0 eng d |
| 010 |
|
|
|a gp 92076345
|
| 035 |
|
|
|a (OCoLC)26039692
|
| 035 |
|
|
|9 AFR2647AM
|
| 040 |
|
|
|a GPO
|c GPO
|d DLC
|d UtOrBLW
|
| 043 |
|
|
|a n-us---
|
| 074 |
|
|
|a 512-A-1
|
| 086 |
0 |
|
|a HE 22.2:M 46/32
|
| 100 |
1 |
|
|a Horvath, Jane.
|
| 245 |
1 |
0 |
|a Medicaid Management Information Systems :
|b provider participation, cost containment initiatives : state characterstics /
|c written and prepared by Jane Horvath.
|
| 264 |
|
1 |
|a [Washington, D.C.?] :
|b [Health Care Financing Administration],
|c [1992]
|
| 300 |
|
|
|a 25, 9 pages :
|b illustrations ;
|c 28 cm.
|
| 336 |
|
|
|a text
|b txt
|2 rdacontent
|
| 337 |
|
|
|a unmediated
|b n
|2 rdamedia
|
| 338 |
|
|
|a volume
|b nc
|2 rdacarrier
|
| 500 |
|
|
|a Shipping list no: 92-274-P.
|
| 500 |
|
|
|a "Summer, 1991."
|
| 650 |
|
0 |
|a Medicaid
|x Data processing.
|
| 650 |
|
0 |
|a Poor
|x Medical care
|z United States
|x States
|x Cost control
|x Data processing.
|
| 650 |
|
0 |
|a Information storage and retrieval systems
|x Medical care
|z United States
|x States.
|
| 710 |
1 |
|
|a United States.
|b Health Care Financing Administration.
|
| 999 |
|
|
|a MARS
|
| 999 |
f |
f |
|s cc7e1109-21aa-3359-afcf-b56c1a5e391b
|i 84736b03-9be2-3464-ac29-4c0946d71b88
|t 0
|
| 952 |
f |
f |
|p normal
|a Texas A&M University
|b College Station
|c Sterling C. Evans Library
|d Evans: US Documents (Annex 5th floor)
|t 0
|e HE 22.2:M 46/32
|h Superintendent of Documents classification
|i unmediated -- volume
|m A14814947457
|
| 998 |
f |
f |
|a HE 22.2:M 46/32
|t 0
|l Evans: US Documents (Annex 5th floor)
|